00744nam a22001937a 4500999001900000005001700019010001500036020002700051035001400078037000900092082001200101100002300113245008600136260005400222270008000276300003400356942002600390952013400416 c186805d18680520220316174834.0 aENG-132011 a9789353885281c1295.00 aEN-115543 bDBAD a954.042 aVengasseri, Ismail a1962 Border War:bSino-Indian Territorial Disputes And Beyond/cIsmail Vengasseri aNew DelhibSage Publications India Pvt. Ltdc2021 bNew DelhiaB-I/I-I, Mohan Cooperative Industrial Area, Mathura Roade110044 axiii, 275p.bIndexc22cm(hbk) 2ddccENh954.042mVEN 001040708NFICaLbLd2022-03-16eDBAD/PUBg1295.00l2o954.042 VENpEN-115543r2026-01-09 00:00:00s2025-12-26t1v1295.00yEN